[Event "World Youth U16 Olympiad"]
[Site "Gyor HUN"]
[Date "2014.12.18"]
[Round "7.15"]
[Board "2"]
[White "Marosi, Levente"]
[Black "Czupor, Attila"]
[Result "1/2-1/2"]
[WhiteElo "2211"]
[BlackElo "2107"]
[WhiteTeam "Hungary 3"]
[BlackTeam "Transdanubium West 2"]
[WhiteFideId "747181"]
[BlackFideId "752495"]
[EventDate "2014.12.13"]
[EventType "team"]

1. e4 d6 2. d4 Nf6 3. Nc3 g6 4. Nf3 Bg7 5. Be2 Nbd7 6. O-O O-O 7. Re1 e5 8. h3
a5 9. Bg5 h6 10. Be3 Re8 11. dxe5 Nxe5 12. Qd2 Kh7 13. Nd4 Ned7 14. f3 Nc5 15.
Bc4 Ne6 16. Rad1 Nxd4 17. Bxd4 Be6 18. Bxe6 Rxe6 19. Nd5 Nxd5 20. exd5 Re7 21.
Bxg7 Rxe1+ 22. Rxe1 Kxg7 23. Re4 Qf6 24. Qd4 b5 25. Kf2 Qxd4+ 26. Rxd4 f5 27.
Rd3 Kf6 28. f4 Ra7 29. g3 Rb7 30. a3 b4 31. a4 Rb6 1/2-1/2

[Event "World Youth U16 Olympiad"]
[Site "Gyor HUN"]
[Date "2014.12.18"]
[Round "7.15"]
[Board "3"]
[White "Szukics, Adam"]
[Black "Krstulovic, Alex"]
[Result "0-1"]
[BlackTitle "FM"]
[WhiteElo "2000"]
[BlackElo "2099"]
[WhiteTeam "Transdanubium West 2"]
[BlackTeam "Hungary 3"]
[WhiteFideId "751871"]
[BlackFideId "760056"]
[EventDate "2014.12.13"]
[EventType "team"]

1. e4 c5 2. Nf3 d6 3. d4 Nf6 4. Nc3 cxd4 5. Nxd4 a6 6. Be3 e5 7. Nf3 Qc7 8. a4
Be6 9. Ng5 Bd7 10. a5 h6 11. Nf3 Be6 12. Be2 Nbd7 13. O-O Be7 14. Nd5 Bxd5 15.
exd5 O-O 16. c4 Ng4 17. Bd2 f5 18. Rc1 b6 19. h3 Ngf6 20. axb6 Qxb6 21. Nh4 Ne4
22. Ng6 Rf7 23. Be3 Qb4 24. Bd3 Ndc5 25. Bxc5 Qxc5 26. Bxe4 fxe4 27. Nxe7+ Rxe7
28. Qe2 Rb8 29. Rc2 Reb7 30. Rb1 a5 31. Qxe4 a4 32. Qe3 a3 33. Qxc5 dxc5 34. b3
Rxb3 35. Rxb3 Rxb3 36. Kh2 Kf7 37. f3 Ke7 38. Re2 Kd7 39. Kg3 e4 40. Kf4 e3 41.
Ke5 g5 42. Kf5 Kd6 43. Ke4 Rc3 44. Ra2 Rxc4+ 45. Kd3 Ra4 46. Kxe3 Kxd5 47. Kd3
c4+ 48. Kc3 Kc5 49. Kc2 Kd4 50. Kd2 c3+ 51. Kc2 Kc4 52. g3 Kb4 53. Ra1 a2 54. f4
gxf4 55. gxf4 Ra8 56. f5 Kc5 57. h4 Ra3 58. Kd3 Kd5 59. f6 Ke6 60. f7 Kxf7 61.
h5 Kf6 62. Rf1+ Kg5 63. Rg1+ Kxh5 64. Rh1+ Kg4 65. Rg1+ Kf3 66. Rf1+ Kg2 67. Ra1
h5 0-1

[Event "World Youth U16 Olympiad"]
[Site "Gyor HUN"]
[Date "2014.12.18"]
[Round "7.15"]
[Board "4"]
[White "Kassay, Lilla"]
[Black "Szakasics, Emese"]
[Result "1-0"]
[WhiteElo "1889"]
[BlackElo "1670"]
[WhiteTeam "Hungary 3"]
[BlackTeam "Transdanubium West 2"]
[WhiteFideId "751138"]
[BlackFideId "758876"]
[EventDate "2014.12.13"]
[EventType "team"]

1. e4 e5 2. Nf3 Nc6 3. Bc4 Bc5 4. c3 Nf6 5. d3 a6 6. Bb3 O-O 7. Nbd2 Ba7 8. Nf1
d5 9. Qe2 h6 10. h3 dxe4 11. dxe4 Re8 12. g4 Be6 13. g5 hxg5 14. Bxg5 Bxb3 15.
axb3 Re6 16. Ng3 Bc5 17. Nf5 g6 18. Rg1 Ne7 19. Bh6 Kh7 20. Ng5+ Kg8 21. Nxe6
fxe6 22. Qc4 1-0

[Event "World Youth U16 Olympiad"]
[Site "Gyor HUN"]
[Date "2014.12.18"]
[Round "7.16"]
[Board "1"]
[White "Boldoo, Erdenepurev"]
[Black "Karas, Marek"]
[Result "1/2-1/2"]
[WhiteElo "2093"]
[BlackElo "2170"]
[WhiteTeam "Mongolia"]
[BlackTeam "Slovakia West"]
[WhiteFideId "4901037"]
[BlackFideId "14928558"]
[EventDate "2014.12.13"]
[EventType "team"]

1. d4 Nf6 2. c4 e6 3. Nc3 Bb4 4. a3 Bxc3+ 5. bxc3 O-O 6. e3 c5 7. Bd3 b6 8. Ne2
Nc6 9. e4 d6 10. Bg5 h6 11. Bh4 e5 12. d5 Na5 13. O-O g5 14. Bg3 Ba6 15. h4 Bxc4
16. hxg5 hxg5 17. f3 Bxd3 18. Qxd3 Nh5 19. Kf2 Kg7 20. Rh1 Rh8 21. Rh3 Qf6 22.
Rah1 Nf4 23. Bxf4 exf4 24. Qd1 Rxh3 25. Rxh3 Rh8 26. Rxh8 Kxh8 27. Qh1+ Kg7 28.
g3 Nc4 29. gxf4 gxf4 30. Qg2+ Kf8 31. Qh2 Nxa3 32. Nxf4 Nb5 33. Ne2 Ke7 34. Qh3
Nxc3 35. Nxc3 Qxc3 36. Qc8 Qe5 37. Qb8 Kf6 38. Qh8+ Ke7 39. Qb8 Qh2+ 40. Ke3
Qg1+ 41. Kf4 Qh2+ 42. Ke3 c4 43. Qc7+ Kf8 44. Qd8+ Kg7 45. Qg5+ Kf8 1/2-1/2

[Event "World Youth U16 Olympiad"]
[Site "Gyor HUN"]
[Date "2014.12.18"]
[Round "7.16"]
[Board "2"]
[White "Kavon, Rastislav"]
[Black "Agibileg, Uurtsaikh"]
[Result "0-1"]
[WhiteElo "2153"]
[BlackElo "1957"]
[WhiteTeam "Slovakia West"]
[BlackTeam "Mongolia"]
[WhiteFideId "14925648"]
[BlackFideId "4901606"]
[EventDate "2014.12.13"]
[EventType "team"]

1. e4 c5 2. Nf3 e6 3. d4 cxd4 4. Nxd4 Nc6 5. Nc3 a6 6. Be3 Nf6 7. Bd3 Qc7 8. O-O
Nxd4 9. Bxd4 Bc5 10. Bxc5 Qxc5 11. Kh1 O-O 12. f4 d6 13. Qe2 e5 14. f5 b5 15. g4
Bb7 16. g5 Nd7 17. Rf3 b4 18. Nd1 d5 19. Nf2 Qd4 20. Rh3 g6 21. Re1 Nc5 22. f6
Rac8 23. Qe3 dxe4 24. Nxe4 Rfd8 25. Rg3 Qxb2 26. Kg1 Nxe4 27. Bxe4 Bxe4 28. Qxe4
Rxc2 29. Qh4 Rdd2 30. Qh6 Qd4+ 31. Kh1 Qd5+ 0-1

[Event "World Youth U16 Olympiad"]
[Site "Gyor HUN"]
[Date "2014.12.18"]
[Round "7.16"]
[Board "3"]
[White "Baterdene, Tsogbayar"]
[Black "Puskar, Peter"]
[Result "1-0"]
[WhiteElo "1981"]
[BlackElo "2051"]
[WhiteTeam "Mongolia"]
[BlackTeam "Slovakia West"]
[WhiteFideId "4901592"]
[BlackFideId "14925842"]
[EventDate "2014.12.13"]
[EventType "team"]

1. e4 c5 2. Nf3 d6 3. d4 cxd4 4. Nxd4 Nf6 5. Nc3 a6 6. Be2 e5 7. Nb3 Be7 8. O-O
Be6 9. a4 O-O 10. Be3 Nbd7 11. a5 Qc7 12. Qd2 Qc6 13. Bf3 Rac8 14. Rfc1 Rfe8 15.
h3 Qc7 16. Nd5 Bxd5 17. exd5 Qc4 18. Qd3 Qh4 19. Qf1 Bf8 20. c4 g5 21. g3 Qh6
22. h4 Qg6 23. hxg5 Ne4 24. Qh3 Ndc5 25. Nxc5 Nxc5 26. Bg4 Rb8 27. Bf5 Qg7 28.
Ra3 e4 29. Bd4 Re5 30. Bxe5 dxe5 31. b4 Nd3 32. Rxd3 exd3 33. c5 h6 34. Bxd3
Qxg5 35. Rd1 Re8 36. Qf5 Qxf5 37. Bxf5 Kg7 38. d6 Rd8 39. Be4 Rd7 40. Bxb7 Rxb7
41. c6 Rb8 42. c7 Bxd6 43. cxb8=Q Bxb8 44. Rd7 Kf6 45. b5 axb5 46. a6 Ke6 47.
Rb7 1-0

[Event "World Youth U16 Olympiad"]
[Site "Gyor HUN"]
[Date "2014.12.18"]
[Round "7.16"]
[Board "4"]
[White "Vrtiakova, Anna"]
[Black "Uuriintuya, Uurtsaikh"]
[Result "1/2-1/2"]
[WhiteElo "1866"]
[BlackElo "1875"]
[WhiteTeam "Slovakia West"]
[BlackTeam "Mongolia"]
[WhiteFideId "14927870"]
[BlackFideId "4900227"]
[EventDate "2014.12.13"]
[EventType "team"]

1. e4 c5 2. Nf3 Nc6 3. Bb5 d6 4. O-O Bd7 5. Re1 a6 6. Bxc6 Bxc6 7. d4 cxd4 8.
Nxd4 g6 9. Nxc6 bxc6 10. c4 Bg7 11. Nc3 Nf6 12. Qa4 Qd7 13. f3 O-O 14. Be3 Qc7
15. Rad1 Nd7 16. Qc2 Qa5 17. Kh1 Qh5 18. Bd4 Ne5 19. b3 Qh4 20. Bf2 Qf6 21. Ne2
h5 22. Bg3 h4 23. Bxe5 Qxe5 24. f4 Qh5 25. Rf1 Rad8 26. Nd4 Qc5 27. Nf3 Bf6 28.
Qe2 h3 29. gxh3 Qh5 30. Qg2 e6 31. Qg4 Qa5 32. f5 exf5 33. exf5 Qxf5 34. Qxf5
gxf5 35. Nd4 Bxd4 36. Rxd4 Rfe8 37. Rxf5 Re2 38. Ra5 Rde8 39. Rxa6 Rc2 40. Rd1
Ree2 41. Rxc6 Rxh2+ 42. Kg1 Rcg2+ 43. Kf1 Rxa2 44. Kg1 Rxh3 45. Rcxd6 Rxb3 46.
R6d2 Rxd2 47. Rxd2 Rc3 48. Rd4 Kg7 49. Kf2 Kf6 50. Rd6+ Ke5 51. Rc6 f5 52. Rc8
Ke4 53. c5 Rc2+ 54. Ke1 Kd5 55. Rf8 Ke6 56. Rc8 Kd7 57. Rf8 Rxc5 58. Kf2 Ke7 59.
Rb8 Rc4 60. Rb6 Re4 61. Kf3 Re6 62. Rxe6+ Kxe6 63. Kf4 Kf6 1/2-1/2

[Event "World Youth U16 Olympiad"]
[Site "Gyor HUN"]
[Date "2014.12.18"]
[Round "7.17"]
[Board "1"]
[White "McGovern Leahy, Cian"]
[Black "Buzas, Bertalan"]
[Result "1-0"]
[WhiteElo "1929"]
[BlackElo "2109"]
[WhiteTeam "Ireland"]
[BlackTeam "Transdanubium West"]
[WhiteFideId "2508753"]
[BlackFideId "751820"]
[EventDate "2014.12.13"]
[EventType "team"]

1. d4 d5 2. c4 e6 3. Nc3 Nf6 4. cxd5 exd5 5. Bg5 Bb4 6. e3 c5 7. dxc5 Nbd7 8.
Bb5 Qa5 9. Bxf6 Qxb5 10. Bd4 Nxc5 11. Bxc5 Qxc5 12. Ne2 O-O 13. a3 Bxc3+ 14.
Nxc3 Rd8 15. Ne2 b6 16. Nd4 Ba6 17. f3 Qe7 18. Kf2 Re8 19. Qd2 Rac8 20. g3 Rc4
21. Rhc1 Rec8 22. Rc2 Qg5 23. Rac1 Qh6 24. Kg2 Re8 25. b3 Rxc2 26. Nxc2 Qe6 27.
Re1 Bc8 28. Nd4 Qh3+ 29. Kg1 h5 30. Qg2 Qd7 31. Qe2 Qd6 32. a4 Bh3 33. Kf2 Re5
34. f4 Re4 35. Qxh5 Bd7 36. Qe2 f6 37. Qh5 Be8 38. Qe2 Bd7 39. Kg1 Qe7 40. Qd2
g5 41. fxg5 fxg5 42. Qf2 Re5 43. Kg2 Bg4 44. Nc6 Qe6 45. Nxe5 Bh3+ 46. Kg1 Qxe5
47. Qf3 Be6 48. Rf1 Kg7 49. h4 g4 50. Qf4 Qe4 51. Qxe4 dxe4 52. b4 Kg6 53. Rc1
a5 54. bxa5 bxa5 55. Rc5 Kh6 56. Rxa5 Kg6 57. Re5 Kh6 58. Rxe6+ Kh5 59. Re5+ 1-0

[Event "World Youth U16 Olympiad"]
[Site "Gyor HUN"]
[Date "2014.12.18"]
[Round "7.17"]
[Board "2"]
[White "Acs, Marton"]
[Black "Mirza, Diana"]
[Result "1/2-1/2"]
[BlackTitle "WCM"]
[WhiteElo "1969"]
[BlackElo "1768"]
[WhiteTeam "Transdanubium West"]
[BlackTeam "Ireland"]
[WhiteFideId "765139"]
[BlackFideId "2503999"]
[EventDate "2014.12.13"]
[EventType "team"]

1. d4 Nf6 2. Nf3 g6 3. Bg5 Bg7 4. Nbd2 d6 5. e4 O-O 6. c3 Nbd7 7. Be2 h6 8. Bh4
b6 9. O-O Bb7 10. Qc2 e5 11. dxe5 dxe5 12. Rfe1 Qe8 13. Bf1 Kh7 14. a4 Nh5 15.
Bg3 Nxg3 16. hxg3 Qe7 17. Nc4 Rad8 18. b4 a6 19. Rad1 Nb8 20. Ne3 Rd7 21. Rxd7
Nxd7 22. Bc4 c6 23. Rd1 Rd8 24. Rd2 b5 25. axb5 cxb5 26. Bd5 Nb6 27. Bxb7 Rxd2
28. Qxd2 Qxb7 29. Qd3 Qc6 30. Nd2 Na4 31. Nd5 Nb2 32. Qc2 Nc4 33. Qa2 Nd6 34. f3
h5 35. Nb3 Nb7 36. Na5 Nxa5 37. Qxa5 Bh6 38. Qc7 Qxc7 39. Nxc7 Bd2 40. Nd5 Bg5
41. Kf2 Bd8 42. Ke2 a5 43. Kd3 Kg8 44. bxa5 Bxa5 45. Ne3 Bb6 46. Nd5 Ba5 47.
Ne7+ Kf8 48. Nc8 b4 49. c4 b3 50. Na7 f6 51. Nb5 Ke7 52. Nc3 Kd6 53. f4 exf4 54.
gxf4 Kc5 55. Nd5 Bd8 1/2-1/2

[Event "World Youth U16 Olympiad"]
[Site "Gyor HUN"]
[Date "2014.12.18"]
[Round "7.17"]
[Board "3"]
[White "Higgins, Michael"]
[Black "Arvai, Eszter"]
[Result "0-1"]
[WhiteElo "1559"]
[BlackElo "1978"]
[WhiteTeam "Ireland"]
[BlackTeam "Transdanubium West"]
[WhiteFideId "2507153"]
[BlackFideId "732583"]
[EventDate "2014.12.13"]
[EventType "team"]

1. c4 c5 2. Nc3 Nf6 3. g3 e6 4. Bg2 d6 5. d3 Be7 6. Nf3 Nbd7 7. O-O O-O 8. a3
Rb8 9. b4 a6 10. b5 Qc7 11. Qb3 a5 12. Bb2 b6 13. Nd2 Bb7 14. Bxb7 Qxb7 15. e4
Rbd8 16. Rfe1 Ne8 17. Nf1 Ne5 18. Qd1 f5 19. f4 Ng6 20. exf5 exf5 21. Nd5 Bf6
22. Qf3 Kh8 23. Bxf6 Nxf6 24. Nfe3 Ne7 25. Kf2 Nexd5 26. Nxd5 Nxd5 27. cxd5 Rde8
28. a4 Qf7 29. Rac1 Qf6 30. Re2 Qd4+ 31. Kg2 Qxa4 32. Rce1 Qxb5 33. Qh5 Rxe2+
34. Rxe2 Qxd3 35. Re7 Qxd5+ 36. Kh3 a4 37. g4 Qf3+ 38. Kh4 Qxg4+ 39. Qxg4 fxg4
40. Kxg4 Ra8 41. Re1 b5 0-1

[Event "World Youth U16 Olympiad"]
[Site "Gyor HUN"]
[Date "2014.12.18"]
[Round "7.17"]
[Board "4"]
[White "Bakos, Balazs"]
[Black "Keating, Geoffrey"]
[Result "0-1"]
[WhiteElo "1695"]
[BlackElo "1575"]
[WhiteTeam "Transdanubium West"]
[BlackTeam "Ireland"]
[WhiteFideId "765147"]
[BlackFideId "2505746"]
[EventDate "2014.12.13"]
[EventType "team"]

1. e4 c6 2. Ne2 d5 3. e5 c5 4. d4 Nc6 5. c3 cxd4 6. cxd4 Bf5 7. a3 e6 8. Nbc3
Nge7 9. Ng3 Qb6 10. Bb5 a6 11. Bxc6+ bxc6 12. O-O Bg6 13. b4 Nc8 14. Be3 a5 15.
Qa4 Qc7 16. b5 Nb6 17. Qb3 a4 18. Qd1 Nc4 19. Qc1 cxb5 20. Nxb5 Qb6 21. Nc3 Qb3
22. Nb1 Bxb1 23. Qxb1 Qxb1 24. Rfxb1 Bxa3 25. Ne2 Bb2 26. Ra2 a3 27. Bc1 O-O 28.
h3 Rfb8 29. Bxb2 axb2 30. Rxa8 Rxa8 31. Nc3 Ra1 32. Kh2 Kf8 33. g3 Ke7 34. f4
Kd7 35. Kg2 Kc6 36. Kf2 Kb6 37. Ke2 Ka5 38. Kd3 Kb4 39. Kc2 Rxb1 40. Nxb1 Na3+
41. Nxa3 Kxa3 42. Kb1 Kb3 43. g4 Kc3 44. f5 Kxd4 0-1

[Event "World Youth U16 Olympiad"]
[Site "Gyor HUN"]
[Date "2014.12.18"]
[Round "7.18"]
[Board "1"]
[White "Holtman, Teodor"]
[Black "Abdulla, Murad"]
[Result "1-0"]
[WhiteElo "2058"]
[BlackElo "1958"]
[WhiteTeam "Slovakia East"]
[BlackTeam "Scotland"]
[WhiteFideId "14933721"]
[BlackFideId "2403757"]
[EventDate "2014.12.13"]
[EventType "team"]

1. e4 c5 2. Nf3 d6 3. d4 cxd4 4. Nxd4 Nf6 5. Nc3 g6 6. Bc4 Bg7 7. O-O O-O 8. Re1
Nc6 9. Bb3 Bd7 10. Nxc6 Bxc6 11. Bg5 a5 12. a4 Re8 13. Qf3 Qb6 14. Rad1 h6 15.
Be3 Qc7 16. Bd4 Rac8 17. Qg3 e5 18. Be3 Kh7 19. f3 Qe7 20. Qh4 Bd7 21. Bb6 Ra8
22. Qf2 Rec8 23. Rd2 Be6 24. Red1 Bxb3 25. cxb3 Qe6 26. Nd5 Nxd5 27. Rxd5 Bf8
28. Qd2 Rc6 29. Bxa5 Rac8 30. Bc3 f5 31. Rb5 b6 32. Qf2 fxe4 33. fxe4 Qg4 34.
Qf3 Qe6 35. Rf1 Bg7 36. h3 Rf8 37. Qe3 Rxf1+ 38. Kxf1 Qf6+ 39. Qf2 Qg5 40. Kg1
Rc8 41. Bd2 Qh5 42. Rxb6 Rc2 43. Rxd6 Rxb2 44. Rd7 Qd1+ 45. Kh2 Qxb3 46. Qf6 Qg8
47. Bxh6 Rxg2+ 48. Kxg2 Qa2+ 49. Qf2 1-0

[Event "World Youth U16 Olympiad"]
[Site "Gyor HUN"]
[Date "2014.12.18"]
[Round "7.18"]
[Board "2"]
[White "Koehn, Lennart"]
[Black "Kravec, Patrik"]
[Result "1/2-1/2"]
[WhiteElo "1846"]
[BlackElo "1976"]
[WhiteTeam "Scotland"]
[BlackTeam "Slovakia East"]
[WhiteFideId "12938041"]
[BlackFideId "14923505"]
[EventDate "2014.12.13"]
[EventType "team"]

1. e4 c5 2. Nf3 Nc6 3. d4 cxd4 4. Nxd4 Nf6 5. Nc3 d6 6. Bg5 Bd7 7. Qd2 Rc8 8. f4
Nxd4 9. Qxd4 Qa5 10. Be2 Qc5 11. O-O-O Ng4 12. Bh4 Ne3 13. Qxc5 Rxc5 14. Rdg1
Nc4 15. Bf2 Rc8 16. Bxa7 g6 17. b3 Bg7 18. Bxc4 Bxc3 19. Rd1 Ra8 20. Bd4 Bxd4
21. Rxd4 Rxa2 22. Kb1 Ra5 23. Rd5 Ra7 24. Bb5 Bc6 25. Bxc6+ bxc6 26. Rd4 Kd7 27.
Rhd1 Rha8 28. Kb2 Ra2+ 29. Kb1 Ra1+ 30. Kb2 R1a2+ 31. Kb1 Ra1+ 32. Kb2 1/2-1/2

[Event "World Youth U16 Olympiad"]
[Site "Gyor HUN"]
[Date "2014.12.18"]
[Round "7.18"]
[Board "4"]
[White "Gray, Euan"]
[Black "Nadzamova, Viktoria"]
[Result "1-0"]
[WhiteElo "1625"]
[BlackElo "1511"]
[WhiteTeam "Scotland"]
[BlackTeam "Slovakia East"]
[WhiteFideId "2405180"]
[BlackFideId "14943999"]
[EventDate "2014.12.13"]
[EventType "team"]

1. d4 Nf6 2. c4 e6 3. Nc3 d5 4. cxd5 exd5 5. Bg5 Be7 6. e3 O-O 7. Bd3 b6 8. Nge2
c5 9. dxc5 bxc5 10. O-O Nbd7 11. Qc2 h6 12. Bh4 g6 13. Bb5 Bb7 14. Rfd1 a6 15.
Ba4 Nb6 16. Rac1 g5 17. Bg3 Bd6 18. Qf5 Bxg3 19. hxg3 Qe7 20. Bb3 Qe6 21. Qxe6
fxe6 22. Na4 Nxa4 23. Bxa4 Rac8 24. Bc2 Ng4 25. Rf1 Rf7 26. Bg6 Rf6 27. Bh5 Ne5
28. Rcd1 Kf8 29. g4 a5 30. Rd2 Ba6 31. Rfd1 Ke7 32. Nc1 c4 33. Ne2 Nd3 34. Nc3
Rcf8 35. f3 Rb8 36. Rb1 Kd6 37. Kf1 Kc5 38. Nd1 Nxb2 39. Kg1 c3 40. Nxc3 Nc4 41.
Na4+ Kc6 42. Rxb8 Nxd2 43. Rb6+ Kc7 44. Rxa6 Nc4 45. Nc5 1-0

[Event "World Youth U16 Olympiad"]
[Site "Gyor HUN"]
[Date "2014.12.18"]
[Round "7.19"]
[Board "1"]
[White "Mesaros, Florian"]
[Black "Naotunna, Dineth Nimnaka"]
[Result "1-0"]
[WhiteElo "2370"]
[BlackElo "1947"]
[WhiteTeam "Austria"]
[BlackTeam "Sri Lanka"]
[WhiteFideId "1629220"]
[BlackFideId "9919228"]
[EventDate "2014.12.13"]
[EventType "team"]

1. Nf3 Nf6 2. c4 e6 3. Nc3 Be7 4. d4 b6 5. e4 d6 6. Bd3 Bb7 7. O-O Nbd7 8. Qe2
c5 9. d5 exd5 10. exd5 O-O 11. Re1 Re8 12. Bg5 h6 13. Bh4 a6 14. a4 Qc7 15. Qc2
Rad8 16. Bf5 Bc8 17. Re3 Nf8 18. Rae1 Bxf5 19. Qxf5 N8h7 20. Ne4 Qb8 21. Ng3 Bf8
22. Nh5 Nxh5 23. Bxd8 Rxd8 24. Qxh5 Nf6 25. Qf5 Qc8 26. Qxc8 Rxc8 27. Rb3 Rb8
28. Nd2 Nd7 29. f4 g6 30. Kf2 Bg7 31. Ne4 Bf8 32. g4 Kg7 33. Nc3 a5 34. Nb5 g5
35. Na7 gxf4 36. Nc6 Rc8 37. Kf3 f6 38. Kxf4 Ne5 39. Nxe5 dxe5+ 40. Kf5 Rb8 41.
Ke6 Kg6 42. Kd7 Kf7 43. Kc7 Re8 44. d6 Ra8 45. Rxb6 Ra7+ 46. Rb7 Bxd6+ 47. Kc6+
Rxb7 48. Kxb7 h5 49. gxh5 f5 50. Kc6 Bb8 51. Kxc5 e4 52. Kb6 Bxh2 53. c5 Kf6 54.
c6 Kg5 55. h6 Kxh6 56. Rh1 Kg5 57. Rxh2 f4 58. c7 f3 59. c8=Q e3 60. Qf8 Kg4 61.
Qf6 f2 62. Rg2+ Kh3 63. Qf3+ 1-0

[Event "World Youth U16 Olympiad"]
[Site "Gyor HUN"]
[Date "2014.12.18"]
[Round "7.19"]
[Board "2"]
[White "Herath, N N B"]
[Black "Kiss, Balint"]
[Result "0-1"]
[WhiteElo "1743"]
[BlackElo "2090"]
[WhiteTeam "Sri Lanka"]
[BlackTeam "Austria"]
[WhiteFideId "9914030"]
[BlackFideId "743763"]
[EventDate "2014.12.13"]
[EventType "team"]

1. Nf3 d5 2. c4 c6 3. b3 Nf6 4. Bb2 Bf5 5. g3 e6 6. Bg2 h6 7. O-O Be7 8. d4 O-O
9. Nc3 Nbd7 10. Nd2 Qb6 11. h3 Rad8 12. Re1 Bh7 13. e3 Rfe8 14. Qe2 Qc7 15. Rac1
Qb8 16. e4 dxe4 17. Ndxe4 Nxe4 18. Nxe4 Nf6 19. Nc3 Rxd4 20. Nd5 Rd3 21. Nxe7+
Rxe7 22. Bxf6 gxf6 23. Qg4+ Bg6 24. Be4 f5 25. Qh4 Rdd7 26. Bf3 Kg7 27. c5 Re8
28. Qc4 Red8 29. h4 h5 30. Qc3+ Rd4 31. Rcd1 e5 32. Rxd4 Rxd4 33. Rd1 Rxd1+ 34.
Bxd1 f6 35. Qa5 e4 36. Be2 f4 37. gxf4 Qxf4 38. Qxa7 e3 39. Qxb7+ Kh6 40. fxe3
Qxe3+ 41. Kf1 Qc1+ 42. Kf2 Qxc5+ 43. Kf1 Qc1+ 44. Kf2 Qf4+ 45. Kg1 Qg3+ 46. Kf1
Qh3+ 47. Ke1 Qxh4+ 48. Kd2 Qd4+ 49. Ke1 Qc3+ 50. Kf2 Qc5+ 51. Ke1 h4 52. Qc7
Qg1+ 53. Kd2 Qd4+ 54. Ke1 Qe4 55. Kf2 Qd4+ 56. Ke1 Qg1+ 57. Kd2 c5 58. Qc6 Qf2
59. Kd1 h3 60. Bf3 Qd4+ 61. Ke1 h2 62. Qd5 Qa1+ 63. Kf2 Qxa2+ 64. Kg3 Qc2 65.
Qd6 h1=N+ 66. Bxh1 Qxb3+ 67. Bf3 Qc3 68. Qf8+ Kg5 69. Qh8 Qe1+ 70. Kg2 Qd2+ 71.
Kg3 Qf4+ 72. Kg2 c4 73. Qc8 Qd2+ 74. Kg3 Qf4+ 75. Kg2 Qd4 76. Qc7 Qd2+ 77. Kg3
Qd4 78. Kg2 c3 79. Qg3+ Kh6 80. Qh2+ Kg7 81. Qc7+ Bf7 82. Qg3+ Kf8 83. Qb8+ Be8
84. Qc7 Qd2+ 85. Kg3 c2 86. Qc5+ Kg7 87. Bd5 Qg5+ 88. Kf2 Qf4+ 89. Kg2 c1=Q 90.
Qe7+ Kh6 91. Qf8+ Kg5 92. Qg7+ Bg6 0-1

[Event "World Youth U16 Olympiad"]
[Site "Gyor HUN"]
[Date "2014.12.18"]
[Round "7.19"]
[Board "3"]
[White "Toelly, Michael"]
[Black "Doluweera, Minul Sanjula"]
[Result "1-0"]
[BlackTitle "CM"]
[WhiteElo "1925"]
[BlackElo "2031"]
[WhiteTeam "Austria"]
[BlackTeam "Sri Lanka"]
[WhiteFideId "1625330"]
[BlackFideId "9910760"]
[EventDate "2014.12.13"]
[EventType "team"]

1. e4 c5 2. c3 d5 3. exd5 Qxd5 4. d4 g6 5. Nf3 Bg7 6. Be3 cxd4 7. cxd4 Nf6 8.
Nc3 Qa5 9. Bd3 O-O 10. O-O Nbd7 11. Re1 e6 12. h4 Nb6 13. Ng5 Nbd5 14. Nce4 Nxe3
15. fxe3 e5 16. Nd6 exd4 17. Bc4 Nd5 18. Qb3 Be6 19. e4 Ne3 20. Bxe6 Qd2 21. Bh3
Be5 22. Nf3 Qa5 23. Rxe3 dxe3 24. Nc4 Qc5 25. Ncxe5 e2+ 26. Kh1 Qf2 27. Qc4 Rad8
28. Nd7 Rc8 29. Nf6+ Kg7 30. Bxc8 Rxc8 31. Qxc8 Qf1+ 32. Rxf1 exf1=Q+ 33. Kh2
Kxf6 34. Qc3+ Ke7 35. Qc5+ Ke8 36. Qxa7 1-0

[Event "World Youth U16 Olympiad"]
[Site "Gyor HUN"]
[Date "2014.12.18"]
[Round "7.19"]
[Board "4"]
[White "Mendis, Dasuni Hansika"]
[Black "Mayrhuber, Nikola"]
[Result "1-0"]
[WhiteElo "1688"]
[BlackElo "1765"]
[WhiteTeam "Sri Lanka"]
[BlackTeam "Austria"]
[WhiteFideId "9907696"]
[BlackFideId "1637819"]
[EventDate "2014.12.13"]
[EventType "team"]

1. d4 d5 2. c4 e6 3. Nc3 Be7 4. cxd5 exd5 5. Bf4 c6 6. Nf3 Bf5 7. e3 Nf6 8. h3
O-O 9. Be2 h6 10. O-O Ne4 11. Qb3 Qb6 12. Qxb6 axb6 13. Nxe4 Bxe4 14. Ne5 c5 15.
Rfd1 c4 16. a3 b5 17. Rdc1 Nc6 18. Nd7 Rfd8 19. Nb6 Ra6 20. Bc7 Re8 21. f3 Bd8
22. fxe4 Rxb6 23. Bxb6 Bxb6 24. Rd1 Rxe4 25. Kf2 Ne7 26. Bf3 Re6 27. Rac1 Kf8
28. Rc2 Ke8 29. Re2 f5 30. h4 g5 31. hxg5 hxg5 32. g4 Rf6 33. Kg2 f4 34. e4 dxe4
35. Rxe4 Kd7 36. Re5 Nc6 37. Rxb5 Nxd4 38. Rxb6 Rxb6 39. Rxd4+ Ke6 40. Rd2 Rb3
41. Kf2 c3 42. Bd5+ 1-0

[Event "World Youth U16 Olympiad"]
[Site "Gyor HUN"]
[Date "2014.12.18"]
[Round "7.20"]
[Board "1"]
[White "Gorodetzky, David"]
[Black "Lee, Jun Hyeok"]
[Result "1/2-1/2"]
[BlackTitle "FM"]
[WhiteElo "2164"]
[BlackElo "2022"]
[WhiteTeam "Rehovot Chess School"]
[BlackTeam "South Korea 1"]
[WhiteFideId "2813416"]
[BlackFideId "13202340"]
[EventDate "2014.12.13"]
[EventType "team"]

1. e4 c5 2. c3 Nf6 3. e5 Nd5 4. d4 cxd4 5. cxd4 d6 6. Nf3 Nc6 7. Bc4 Nb6 8. Bb5
dxe5 9. Nxe5 Bd7 10. Nxd7 Qxd7 11. Nc3 e6 12. O-O Be7 13. Qg4 O-O 14. Bxc6 bxc6
15. Bh6 Bf6 16. Rfd1 Rfd8 17. Ne4 Qe7 18. Rd3 Kh8 19. Bg5 Bxg5 20. Nxg5 Rd5 21.
Rg3 g6 22. h4 Rad8 23. Rf3 f5 24. Qg3 Rxd4 25. Qe5+ Kg8 26. Qxe6+ Qxe6 27. Nxe6
Rd1+ 28. Rxd1 Rxd1+ 29. Kh2 Rd6 30. Re3 Nc4 31. Re2 Nxb2 32. Ng5 Nd3 33. Re8+
Kg7 34. Re7+ Kf6 35. Rf7+ Ke5 36. Rxa7 Kd5 37. Kg3 c5 38. Kf3 Kd4 39. Ke2 c4 40.
Kd2 c3+ 41. Kc2 Nb4+ 42. Kc1 Kd3 43. Ra4 Rb6 44. Nh3 Ke2 45. Nf4+ Kf1 46. f3 h6
47. g4 g5 48. hxg5 hxg5 49. Nh3 f4 50. Nxg5 Ke2 51. Nh3 Kxf3 52. Nxf4 Nxa2+ 1/2-1/2